Piosenki Sentino - nagła śmierć - Statystyki

Ogólne statystyki
  • Ten quiz został rozwiązany 80 razy
  • Średni wynik to 9 z 15
Answers on the Grid
Answers color-coded by a green-red scale on the quiz's grid according to % correct below.
KOSMOS
Cudawianki
Tatuażyk
250KM/H
BANDO
Prezydent
Pistolet
Obama
DYLEMAT
KANCLERZ
Karabin
DISNEY
Wiecznie
KAROL
Ocean Beach
RYSY NA ZEGARKU
Vitalyi
Midas
LEGACY
MARBELLA
LEGANES
Trójkąt bermudzki
ŚWIATTOMÓJPLACZABAW
FC BARCELONA
Wieczność
CASABLANCA
PIĘKNY CZAS
Lato
Biały węgorz
Liczę Ten Hajs
 
Statystyki odpowiedzi
Odpowiedź % Poprawnych
KOSMOS
87%
Tatuażyk
79%
Pistolet
77%
Midas
66%
Wiecznie
66%
BANDO
60%
Vitalyi
60%
CASABLANCA
57%
DYLEMAT
55%
Lato
49%
Liczę Ten Hajs
49%
Trójkąt bermudzki
49%
MARBELLA
47%
Ocean Beach
43%
ŚWIATTOMÓJPLACZABAW
38%
Nie znaleziono quizów pasujących do podanych kryteriów
Rozkład punktacji
Procent ludzi z każdym wynikiem
Percentyl według liczby udzielonych odpowiedzi
Twoja historia wyników
Nie rozwiązałeś tego quizu